LEADER 03463nam0-2200601---450 001 9910595998003321 005 20221020123623.0 100 $a20221020g18931913km-y0itay50------ba 101 0 $afre 102 $aFR 105 $ay-------001yy 200 1 $aFlore de France, ou Description des plantes qui croissent spontanément en France, en Corse et en Alsace-Lorraine$fpar Georges Rouy et J. Foucaud 210 $aAsnières$cRouy$aRochefort$cFoucaud$d1893-1913 215 $a14 v.$d22 cm 300 $aL'editore cambia. 307 $a1.: LXVI, 264 p. ; 2.: XI, 349 p. ; 3.: 382 p. ; 4.: 313 p. ; 5.: 344 p. ; 6.: 489 p. ; 7.: 440 p. ; 8.: VI, 406 p. ; 9.: 490 p. ; 10.: 404 p. ; 11.: 429 p. ; 12.: 505 p. ; 13.: VIII, 548 p. ; 14.: VIII, 562 p. 610 0 $aFlora$aFrancia 700 1$aRouy,$bGeorge$01260530 701 1$aFoucaud,$bJulien$01260531 801 0$aIT$bUNINA$gREICAT$2UNIMARC 856 4 $zVisualizza la versione elettronica in EROMM$uhttps://www.biodiversitylibrary.org/item/72989#page/7/mode/1up$e20221020 856 4 $zVisualizza la versione elettronica in EROMM$uhttps://www.biodiversitylibrary.org/item/44732#page/341/mode/1up$e20221020 856 4 $zVisualizza la versione elettronica in EROMM$uhttps://www.biodiversitylibrary.org/item/44957#page/9/mode/1up$e20221020 856 4 $zVisualizza la versione elettronica in EROMM$uhttps://www.biodiversitylibrary.org/item/44957#page/395/mode/1up$e20221020 856 4 $zVisualizza la versione elettronica in EROMM$uhttps://www.biodiversitylibrary.org/item/44729#page/11/mode/1up$e20221020 856 4 $zVisualizza la versione elettronica in EROMM$uhttps://gallica.bnf.fr/ark:/12148/bpt6k6373457z/f11.zoom$e20221020 856 4 $zVisualizza la versione elettronica in EROMM$uhttps://www.biodiversitylibrary.org/item/45015#page/11/mode/1up$e20221020 856 4 $zVisualizza la versione elettronica in EROMM$uhttps://www.biodiversitylibrary.org/item/72995#page/11/mode/1up$e20221020 856 4 $zVisualizza la versione elettronica in EROMM$uhttps://www.biodiversitylibrary.org/item/72995#page/425/mode/1up$e20221020 856 4 $zVisualizza la versione elettronica in EROMM$uhttps://www.biodiversitylibrary.org/item/72995#page/921/mode/1up$e20221020 856 4 $zVisualizza la versione elettronica in EROMM$uhttps://www.biodiversitylibrary.org/item/73281#page/9/mode/1up$e20221020 856 4 $zVisualizza la versione elettronica in EROMM$uhttps://www.biodiversitylibrary.org/item/73281#page/445/mode/1up$e20221020 856 4 $zVisualizza la versione elettronica in EROMM$uhttps://www.biodiversitylibrary.org/item/44733#page/9/mode/1up$e20221020 856 4 $zVisualizza la versione elettronica in EROMM$uhttps://www.biodiversitylibrary.org/item/73559#page/7/mode/1up$e20221020 901 $aBK 912 $a9910595998003321 952 $aD I 39 (1$b4203$fDBV 952 $aD I 39 (2$fDBV 952 $aD I 39 (3$fDBV 952 $aD I 40 (1$b4203$fDBV 952 $aD I 40 (2$fDBV 952 $aD I 40 (3$fDBV 952 $aD I 41 (1$b4203$fDBV 952 $aD I 41 (2$fDBV 952 $aD I 41 (3$fDBV 952 $aD I 42 (1$b4203$fDBV 952 $aD I 42 (2$b4203$fDBV 952 $aD I 42 (3$fDBV 952 $aD I 43 (1$b4203$fDBV 952 $aD I 43 (2$fDBV 959 $aDBV 996 $aFlore de France, ou Description des plantes qui croissent spontanément en France, en Corse et en Alsace-Lorraine$92921312 997 $aUNINA LEADER 01356nam a2200337 i 4500 001 991000937739707536 005 20020507104117.0 008 980923s1997 us ||| | eng 020 $a081942403X 035 $ab10150742-39ule_inst 035 $aLE00639427$9ExL 040 $aDip.to Fisica$bita 084 $a53.2.63 084 $a621.36'6 084 $aTA1695.E9348 111 2 $aSPIE Meeting on excimer lasers, optics, and applications$0461964 245 10$aExcimer lasers, optics, and applications :$b12-13 February 1997, San José, CA /$cHarry Shields, Peter E. Dyer (eds.) ; sponsored by the International Society for Optical Engineering 260 $aBellingham :$bSPIE,$c1997 300 $avii, 160 p. :$bill. ;$c28 cm. 490 0 $aSPIE Proceedings ;$v2992 500 $aIncludes bibliographical references and index. 650 4$aExcimer lasers$xCongresses 700 1 $aShields, Harry$eauthor$4http://id.loc.gov/vocabulary/relators/aut$0733163 700 1 $aDyer, Peter E. 710 2 $aSPIE 907 $a.b10150742$b17-02-17$c27-06-02 912 $a991000937739707536 945 $aLE006 53.2.63 SHI$g1$i2006000070256$lle006$o-$pE0.00$q-$rl$s- $t0$u0$v0$w0$x0$y.i1018062x$z27-06-02 996 $aExcimer lasers, optics, and applications$91444816 997 $aUNISALENTO 998 $ale006$b01-01-98$cm$da $e-$feng$gus $h0$i1